|
|
|
|
| LEADER |
00000nam0a2200000 4500 |
| 001 |
287824 |
| 005 |
20231102000028.0 |
| 035 |
|
|
|a (RuTPU)RU\TPU\book\312257
|
| 090 |
|
|
|a 287824
|
| 100 |
|
|
|a 20150319d1985 km y0rusy50 ca
|
| 101 |
0 |
|
|a rus
|
| 102 |
|
|
|a RU
|
| 105 |
|
|
|a a z 001zy
|
| 200 |
1 |
|
|a Дистанционные методы слежения за качеством природных вод
|e [брошюра]
|f К. Я. Кондратьев, Д. В. Поздняков
|g Академия наук СССР (АН СССР), Институт озероведения (ИНОЗ) ; отв. ред. В. А. Румянцев
|
| 210 |
|
|
|a Ленинград
|c Наука
|d 1985
|
| 215 |
|
|
|a 62 с.
|c ил.
|
| 320 |
|
|
|a Библиогр.: с. 53-61
|
| 320 |
|
|
|a Список принятых сокращений: с. 52
|
| 606 |
1 |
|
|a Воды природные
|x Качество
|2 stltpush
|3 (RuTPU)RU\TPU\subj\3206
|9 31659
|
| 610 |
1 |
|
|a гидрооптические ситуации
|
| 610 |
1 |
|
|a фитопланктон
|
| 610 |
1 |
|
|a индикация
|
| 610 |
1 |
|
|a анализ
|
| 610 |
1 |
|
|a хлорофилл
|
| 610 |
1 |
|
|a концентрация
|
| 610 |
1 |
|
|a восстановление
|
| 610 |
1 |
|
|a практические методы
|
| 610 |
1 |
|
|a измерения с судов
|
| 610 |
1 |
|
|a измерение с летящих носителей
|
| 610 |
1 |
|
|a дистанционные измерения
|
| 610 |
1 |
|
|a атмосферная коррекция
|
| 610 |
1 |
|
|a брошюры
|
| 675 |
|
|
|a 556.535.8
|v 4
|
| 700 |
|
1 |
|a Кондратьев
|b К. Я.
|g Кирилл Яковлевич
|
| 701 |
|
1 |
|a Поздняков
|b Д. В.
|g Дмитрий Викторович
|
| 702 |
|
1 |
|a Румянцев
|b В. А.
|4 340
|
| 712 |
0 |
2 |
|a Академия наук СССР (АН СССР)
|b Институт озероведения (ИНОЗ)
|c (Ленинград)
|2 stltpush
|3 (RuTPU)RU\TPU\col\11552
|
| 801 |
|
1 |
|a RU
|b 63413507
|c 20150319
|
| 801 |
|
2 |
|a RU
|b 63413507
|c 20180207
|g RCR
|
| 942 |
|
|
|c BK
|